|
|
|
|
| LEADER |
00000nam a22000007a 4500 |
| 005 |
20150529211311.0 |
| 007 |
cr|||| |||| |
| 008 |
150529s2014 br |||||s|||| 00||0 por d |
| 020 |
|
|
|a 978-85-361-3182-5
|
| 035 |
|
|
|a 12719
|
| 040 |
|
|
|a vLex
|
| 090 |
|
|
|c 5456
|d 5456
|
| 100 |
1 |
|
|a Fagundes Freitas, Christiano Abelardo
|
| 245 |
1 |
0 |
|a Manual dos Direitos Trabalhistas do Empregado e do Empregador Domštico 2014
|h [Recurso electrn̤ico] /
|c Christiano Abelardo Fagundes Freitas, Lǎ Cristina Barboza Da Silva Paiva
|
| 256 |
|
|
|a Servicio en ln̕ea
|
| 260 |
|
|
|a San Pablo:
|b LTR Editora,
|c 2014
|
| 300 |
|
|
|a 1 recurso electrn̤ico
|
| 500 |
|
|
|a Quando o assunto em questô sô os direitos trabalhistas dos empregados domšticos, muitos sô os questionamentos que surgem. Assim, este “Manual dos Direitos Trabalhistas do Empregado e do Empregador Domštico” vem em um momento bastante oportuno, mormente, pelas dv︢idas oriundas da Emenda Constitucional n. 72/2013. A Emenda Constitucional n. 72/2013 ampliou, de forma significativa, o rol dos direitos trabalhistas do empregado domštico, mas existem muitos deles que ainda dependem de regulamentaȯ̂. Fruto da larga experin̊cia dos autores, tanto na advocacia trabalhista, como no magistřio superior, “Manual dos Direitos Trabalhistas do Empregado e do Empregador Domštico”, de forma bastante didt̀ica, aborda os direitos dos empregados domšticos j ̀em vigor, os que dependem de regulamentaȯ̂ e os direitos nô assegurados a essa categoria profissional. A obra registra, ainda, jurisprudn̊cias e doutrina acerca dos temas analisados, constituindo-se valiosa fonte de consulta.
|
| 506 |
1 |
|
|a Disponible solo en los productos indicados
|d vLex Global
|d vLex Global (Academic Edition, excluding Law Schools)
|d vLex Global (U.S. Academic Edition, Law Schools)
|d vLex Global (U.S. Academic Edition, excluding Law Schools)
|d vLex Global (Academic Edition, Law Schools)
|
| 650 |
0 |
4 |
|a Derecho Laboral y Seguridad Social
|z Brasil
|
| 700 |
1 |
|
|a Da Silva Paiva, Lǎ Cristina Barboza
|
| 740 |
0 |
|
|a vLex Libros (Servicio en ln̕ea)
|
| 856 |
4 |
0 |
|u http://vlex.com/source/manual-dos-direitos-trabalhistas-do-empregado-e-do-empregador-domestico-2014-12719
|z Acceso restringido
|
| 942 |
|
|
|c BOOK
|
| 999 |
0 |
|
|a Labor and Social Security
|